Obálka Náhled e-knihy:
Epub
Pro půjčování e-knih musíte být přihlášeni.
Jak si půjčit online?

Kroniky Nezmapovaných království 1 /

Jedenáctiletý Kašpar dobrodružství nesnáší – jsou nebezpečná, nevypočitatelná a narušují jeho pečlivě vypracovaný rozvrh. Když se nedopatřením ocitne v Nezmapovaném království Hvězdidaru, chce se ihned vrátit domů. Jenže harpyje Morga ohrožuje nejen Hvězdidar, ale i Kašparův domov, takže mu nezbývá...

Celý popis

Uloženo v:
Série:Kroniky Nezmapovaných království, část 1
Hlavní autor: Elphinstone, Abi (Autor)
Médium: E-kniha
Jazyk:Czech
Vydáno: Praha : Euromedia, 2023
Příbuzné jednotky:Z cyklu:: Kroniky Nezmapovaných království
Tagy:
Žádné tagy
LEADER 01561nam a22002417i 4500
001 311911
007 ta
008 260601s2023 xr ||||| |||| 00| 0 cze d
020 |a 9788024288048 
044 |a xr 
100 1 |a  Elphinstone, Abi  |4 aut 
245 1 0 |a Kroniky Nezmapovaných království 1 /  |c  Elphinstone, Abi 
240 1 0 |a The Unmapped Chronicles Series: Rumblestar 
264 1 |a Praha :  |b Euromedia,  |c 2023 
300 |a 1 online zdroj (320 stran) 
336 |a text  |b txt  |2 rdacontent 
337 |a bez média  |b n  |2 rdamedia 
338 |a online zdroj  |b cr  |2 rdacarrier 
520 2 |a Jedenáctiletý Kašpar dobrodružství nesnáší – jsou nebezpečná, nevypočitatelná a narušují jeho pečlivě vypracovaný rozvrh. Když se nedopatřením ocitne v Nezmapovaném království Hvězdidaru, chce se ihned vrátit domů. Jenže harpyje Morga ohrožuje nejen Hvězdidar, ale i Kašparův domov, takže mu nezbývá než se s Dočistou Nevděčnou vydat za mžibabami, sněžnými trolly a obry hromohnáty… a zjistit, že dobrodružství umí člověka pořádně změnit. 
787 0 8 |g 1  |i Z cyklu:  |t Kroniky Nezmapovaných království 
910 |a RBIT002 
998 |d 373857  |a https://core.palmknihy.cz/api/books/373857/cover?rt3sbg  |b https://core.palmknihy.cz/api/books/373857/cover/400?rt3sbg  |c https://core.palmknihy.cz/api/books/373857/cover/50?rt3sbg  |e 2026-12-14  |g 320  |i 9788024288048  |j https://core.palmknihy.cz/api/books/373857/preview.epub  |l   |q 49  |r 1  |s https://www.palmknihy.cz/kniha/373857  |t ebook  |y 2023  |z 1  |v Kroniky Nezmapovaných království  |w 1 
999 |d 311909